01008 2200325 4500001002100000005001500021035002000036008004100056020002200097041000700119082000800126090001400134100001400148245005400162260004400216300002400260084001400284990003200298990003200330990003200362990003200394990003200426990003200458990003200490990003200522990003200554990003200586990003200618990003200650INLIS00000000003247020260415101741 a0010-1224032470260415 d 1 ind  a978-623-00-3247-9 aid a813 a813 NEL a0 aNELLANEVA1 aALAMANDA :bdan Sihir Berujung Salah /cNELLANEVA aJakarta :bElex Media Komputindo,c2023 a319halaman ;c20 cm a813 NEL a a1.3.5.01.001.001.012.001704 a1.3.5.01.001.001.012.001680 a1.3.5.01.001.001.012.001692 a1.3.5.01.001.001.012.001701 a1.3.5.01.001.001.012.001698 a1.3.5.01.001.001.012.001689 a1.3.5.01.001.001.012.001683 a1.3.5.01.001.001.012.001695 a1.3.5.01.001.001.012.001707 a1.3.5.01.001.001.012.001677 a1.3.5.01.001.001.012.001686 a1.3.5.01.001.001.012.001710